Seleções que mais enfrentaram cada seleção em Copas do Mundo da FIFA - Statistics

Estatísticas Gerais
  • Esse quiz foi jogado 70 vezes
  • A pontuação média é 107 de 117
Estatísticas das Respostas
# Seleção Vezes Copas Adversário % Correto
30 Arábia Saudita - - -
100%
41 Equador - - -
100%
44 Bolívia - - -
100%
44 Costa do Marfim - - -
100%
44 Egito - - -
100%
44 Senegal - - -
100%
54 Canadá - - -
100%
54 Eslovênia - - -
100%
54 Nova Zelândia - - -
100%
61 Índias Orientais Neerlandesas / Indonésia - - -
100%
61 Israel - - -
100%
61 Zaire / República Democrática do Congo - - -
100%
61 Alemanha Oriental - - -
100%
61 Angola - - -
100%
61 Bósnia e Herzegovina - - -
100%
61 Catar - - -
100%
61 China - - -
100%
61 Emirados Árabes Unidos - - -
100%
61 Eslováquia - - -
100%
61 Haiti - - -
100%
61 Iraque - - -
100%
61 Islândia - - -
100%
61 Jamaica - - -
100%
61 Kuwait - - -
100%
61 Panamá - - -
100%
61 Togo - - -
100%
61 Trinidad e Tobago - - -
100%
61 Ucrânia - - -
100%
Estados Unidos 3 1998, 2002, 2014 Alemanha
98%
12 Suíça 4 1938 (2x), 1962, 1966 Alemanha / Alemanha Ocidental
98%
26 Áustria 4 1934, 1954, 1978, 1982 Alemanha / Alemanha Ocidental
98%
54 Turquia 2 1954 (2x) Alemanha Ocidental
98%
Itália 5 1962, 1970, 1978, 1982, 2006 Alemanha Ocidental / Alemanha
98%
3 Argentina 7 1958, 1966, 1986, 1990, 2006, 2010, 2014 Alemanha Ocidental / Alemanha
98%
Espanha 5 1966, 1982, 1994, 2010, 2022 Alemanha Ocidental / Alemanha
98%
6 Inglaterra 5 1966, 1970, 1982, 1990, 2010 Alemanha Ocidental / Alemanha
98%
9 Uruguai 4 1966, 1970, 1986, 2010 Alemanha Ocidental / Alemanha
98%
11 Iugoslávia / Sérvia 7 1954, 1958, 1962, 1974, 1990, 1998, 2010 Alemanha Ocidental / Alemanha
98%
14 Coreia do Sul 3 1954, 2002, 2018 Alemanha Ocidental / Alemanha
98%
30 Austrália 2 1974, 2010 Alemanha Ocidental / Alemanha
98%
41 Argélia 2 1982, 2014 Alemanha Ocidental / Alemanha
98%
Alemanha / Alemanha Ocidental 7 1958, 1966, 1986, 1990, 2006, 2010, 2014 Argentina
98%
3 Itália 5 1974, 1978, 1982, 1986, 1990 Argentina
98%
Inglaterra 5 1962, 1966, 1986, 1998, 2002 Argentina
98%
14 Holanda 6 1974, 1978, 1998, 2006, 2014, 2022 Argentina
98%
18 Hungria 3 1962, 1978, 1982 Argentina
98%
26 Bulgária 3 1962, 1986, 1994 Argentina
98%
Romênia 2 1990, 1994 Argentina
98%
Croácia 3 1998, 2018, 2022 Argentina
98%
30 Nigéria 5 1994, 2002, 2010, 2014, 2018 Argentina
98%
44 Grécia 2 1994, 2010 Argentina
98%
14 Coreia do Sul 3 1990, 1994, 2002 Espanha
96%
22 Paraguai 3 1998, 2002, 2010 Espanha
96%
44 Honduras 2 1982, 2010 Espanha
96%
Irlanda do Norte 2 1982, 1986 Espanha
96%
Itália 5 1938, 1978, 1986, 1998, 2006 França
96%
Uruguai 4 1966, 2002, 2010, 2018 França
96%
Austrália 2 2018, 2022 França
96%
30 Dinamarca 4 1998, 2002, 2018, 2022 França
96%
44 África do Sul 2 1998, 2010 França
96%
Irlanda do Norte 2 1958, 1982 França
96%
30 Irã 2 2006, 2018 Portugal
94%
30 Marrocos 3 1986, 2018, 2022 Portugal
94%
54 Coreia do Norte 2 1966, 2010 Portugal
94%
Coreia do Sul 3 1990, 2010, 2022 Uruguai
94%
Colômbia 2 1962, 2014 Uruguai
94%
Itália 5 1938, 1970, 1978, 1982, 1994 Brasil
92%
5 México 5 1950, 1954, 1962, 2014, 2018 Brasil
92%
6 Espanha 5 1934, 1950, 1962, 1978, 1986 Brasil
92%
12 Suécia 7 1938, 1950, 1958, 1978, 1990, 1994 (2x) Brasil
92%
18 Chile 4 1962, 1998, 2010, 2014 Brasil
92%
18 Polônia 4 1938, 1974, 1978, 1986 Brasil
92%
18 Tchecoslováquia / República Tcheca 5 1938 (2x), 1962 (2x), 1970 Brasil
92%
22 Camarões 3 1994, 2014, 2022 Brasil
92%
22 Escócia 4 1974, 1982, 1990, 1998 Brasil
92%
30 Costa Rica 3 1990, 2002, 2018 Brasil
92%
Croácia 3 2006, 2014, 2022 Brasil
92%
40 Peru 2 1970, 1978 Brasil
92%
Turquia 2 2002 (2x) Brasil
92%
Estados Unidos 3 1950, 2010, 2022 Inglaterra
92%
22 Portugal 3 1966, 1986, 2006 Inglaterra
92%
Romênia 2 1970, 1998 Inglaterra
92%
Colômbia 2 1998, 2018 Inglaterra
92%
30 Tunísia 2 1998, 2018 Inglaterra
92%
6 França 5 1938, 1978, 1986, 1998, 2006 Itália
90%
14 Estados Unidos 3 1934, 1990, 2006 Itália
90%
Áustria 4 1934, 1978, 1990, 1998 Itália
90%
44 Irlanda 2 1990, 1994 Itália
90%
44 Noruega 3 1938, 1994, 1998 Itália
90%
1 Brasil 7 1938, 1950, 1958, 1978, 1990, 1994 (2x) Suécia
90%
Irã 2 1998, 2022 Estados Unidos
87%
41 Gana 3 2006, 2010, 2014 Estados Unidos
87%
Colômbia 2 2014, 2018 Japão
87%
30 Croácia 3 1998, 2006, 2022 Japão
87%
9 Bélgica 5 1970, 1982, 1986, 2002, 2014 União Soviética / Rússia
87%
Irlanda 2 1990, 1994 Holanda
85%
Coreia do Sul 3 1990, 1998, 2014 Bélgica
83%
14 União Soviética / Rússia 5 1970, 1982, 1986, 2002, 2014 Bélgica
83%
Tunísia 2 2002, 2018 Bélgica
83%
54 El Salvador 2 1970, 1982 Bélgica
83%
Austrália 2 1974, 2014 Chile
81%
54 País de Gales 2 1958 (2x) Hungria
81%
30 Colômbia 2 1962, 1990 Iugoslávia
81%
2 Alemanha / Alemanha Ocidental 7 1954, 1958, 1962, 1974, 1990, 1998, 2010 Iugoslávia / Sérvia
81%
Romênia 2 1994, 1998 Colômbia
79%
Turquia 2 1954, 2002 Coreia do Sul
77%
Peru 2 1978, 1982 Polônia
77%
Austrália 2 2018, 2022 Dinamarca
69%
Estados Unidos 3 2006, 2010, 2014 Gana
69%
26 Japão 3 1998, 2006, 2022 Croácia
67%
Portugal 3 1986, 2018, 2022 Marrocos
63%
Grécia 2 1994, 2010 Nigéria
62%
Romênia 2 1934, 1970 Tchecoslováquia
62%
44 Irlanda do Norte 2 1958 (2x) Tchecoslováquia
62%
Colômbia 2 1994, 1998 Romênia
60%
61 Cuba 2 1938 (2x) Romênia
60%
26 Romênia 2 1938 (2x) Cuba
31%
Nenhum quiz correspondente encontrado
Distribuição das Pontuações
Porcentagem de Pessoas com Cada Pontuação
Percentil de Números Respondidos
Sua Pontuação Histórica
Você não jogou esse quiz